Η άνοδος της δύσης : μια ιστορία της παναθρώπινης κοινότητας

Αποθηκεύτηκε σε:
Λεπτομέρειες βιβλιογραφικής εγγραφής
Κύριος συγγραφέας: McNeill, William Hardy, 1917-2016
Άλλοι συγγραφείς: Ραμπαβίλας, Κωνσταντίνος Δ., 1929- (Μεταφραστής), Petheo, Bela (Εικονογράφος), Μαραγκουδάκης, Μανούσος Ε. (Επιμελητής έκδοσης)
Μορφή: Βιβλίο
Γλώσσα:Greek
English
Δημοσίευση: Αθήνα : Παρασκήνιο, 2007.
Θέματα:
Ετικέτες: Προσθήκη ετικέτας
Δεν υπάρχουν, Καταχωρήστε ετικέτα πρώτοι!

MARC

LEADER 00000cam a2200000 i 4500
001 1/45304
008 070531s2007 gr | ||| |||| ||gre||
020 |a 9789608342521 
035 |l 10088084 
040 |a GR-MyUA  |b gre  |e AACR2 
041 1 |a gre  |h eng 
082 0 |a 909  |2 (22) 
100 1 |a McNeill, William Hardy,   |d 1917-2016. 
245 1 2 |a Η άνοδος της δύσης :   |b μια ιστορία της παναθρώπινης κοινότητας /   |c William H. McNeil ; μετάφραση Κ. Ραμπαβίλα ; επιστημονική επιμέλεια Μανούσος Μαραγκουδάκης ; εικονογράφηση Bela Petheo.  
260 |a Αθήνα :   |b Παρασκήνιο,   |c 2007.  
300 |a 899 σ. :   |b σχέδια, χάρτες, εικ., διαγρ. ;   |c 24 εκ.  
500 |a Με τον τίτλο ιστορία της ανθρώπινης κοινωνίας κυκλοφόρησε η πρώτη έκδοση του πρωτοτύπου από τις εκδόσεις Αθανασίου Καραβία το 1969.  
500 |a Επανέκδοση με αναδρομικό δοκίμιο.  
504 |a Περιέχει ευρετήριο.  
650 0 0 |a Civilization  |x History. 
650 0 0 |a Civilization, Western. 
650 0 0 |a World history. 
700 1 |a Ραμπαβίλας, Κωνσταντίνος Δ.,   |d 1929-  |e trl 
700 1 |a Petheo, Bela,  |e ill 
700 1 |a Μαραγκουδάκης, Μανούσος Ε.  |e edt 
765 0 8 |i Μετάφραση του:   |t The rise of the west :  
852 |a INST  |b LESVOS  |e 20070531  |h 909 MCN  |p 005100038535  |q 005100038535  |t BK  |y 0 
852 |a INST  |b LESVOS  |e 20081211  |h 909 MCN  |p 005100044142  |q 005100044142  |t BK  |y 0 
852 |a INST  |b LESVOS  |e 20081121  |h 909 MCN  |p 005100044225  |q 005100044225  |t BK  |y 0 
852 |a INST  |b LESVOS  |e 20110209  |h 909 MCN  |p 005100049429  |q 005100049429  |t BK  |y 0 
852 |a INST  |b LESVOS  |e 20110209  |h 909 MCN  |p 005100049430  |q 005100049430  |t BK  |y 0 
852 |a INST  |b LESVOS  |e 20120111  |h 909 MCN  |p 005100050841  |q 005100050841  |t BK  |y 0 
852 |a INST  |b LESVOS  |e 20120111  |h 909 MCN  |p 005100050845  |q 005100050845  |t BK  |y 0 
901 |a BIBL1-2007-2 
901 |a BIBL1-2008-3 
901 |a BIBL1-2011-1 
909 |a Λ  |b 132265 
909 |a Λ  |b 141103 
909 |a Λ  |b 141174 
909 |a Λ  |b 166896 
909 |a Λ  |b 166895 
909 |a Λ  |b 173281 
909 |a Λ  |b 173282 
970 |a ΧΑΤΖΗΜΙΧΑΗΛ  |b ΜΑΡΙΑ  |z 2007/05/31